[Event "Team men HL 2017"]
[Site "Sochi"]
[Date "2017.05.08"]
[Round "7.3"]
[White "Kryakvin, Dmitry"]
[Black "Yuffa, Daniil"]
[Result "1/2-1/2"]
[WhiteElo "2560"]
[BlackElo "2510"]
[PlyCount "87"]
[EventDate "2017.??.??"]

1. d4 Nf6 2. c4 e6 3. Nf3 Bb4+ 4. Bd2 Qe7 5. g3 Bxd2+ 6. Qxd2 Nc6 7. e3 d5 8.
Bg2 O-O 9. O-O Rd8 10. Qc3 dxc4 11. Na3 Nd5 12. Qc1 e5 13. e4 Nf6 14. d5 Nb8
15. Nxc4 Nxe4 16. Nfxe5 Nd6 17. Re1 Qf8 18. Qc3 Bf5 19. Ne3 Na6 20. Nxf5 Nxf5
21. Rac1 Re8 22. Bf1 Rad8 23. Bb5 Re7 24. Bd3 Rxd5 25. Bxf5 Rc5 26. Qd4 Rexe5
27. Rxe5 Rxc1+ 28. Kg2 Rc5 29. Rxc5 Nxc5 30. b4 Ne6 31. Qe4 c6 32. Bxe6 fxe6
33. Qxe6+ Kh8 34. Qd7 Qa8 35. h4 b6 36. f3 h6 37. g4 a5 38. b5 cxb5 39. Qxb5
Qd8 40. Kh3 Qd1 41. Qe8+ Kh7 42. Qe4+ Kh8 43. Qe3 b5 44. Qe8+ 1/2-1/2

[Event "Team men HL 2017"]
[Site "Sochi"]
[Date "2017.05.08"]
[Round "7.4"]
[White "Lugovskoy, Maxim"]
[Black "Notkin, Maksim"]
[Result "1-0"]
[WhiteElo "2464"]
[BlackElo "2465"]
[PlyCount "96"]
[EventDate "2017.??.??"]

1. e4 e5 2. Nf3 Nc6 3. Nc3 Nf6 4. d4 exd4 5. Nxd4 Bb4 6. Nxc6 bxc6 7. Bd3 O-O
8. O-O Re8 9. Qf3 Bd6 10. Bf4 Bxf4 11. Qxf4 d6 12. Rfe1 Nd7 13. Rad1 Qe7 14. b3
Ne5 15. Qg3 Nxd3 16. cxd3 a5 17. d4 f6 18. Re3 Qf7 19. f4 f5 20. e5 Be6 21. Qf3
Bd5 22. Nxd5 Qxd5 23. Qxd5+ cxd5 24. Rc3 Ra7 25. Rdc1 Re7 26. Rc6 g6 27. Kf2
Rd7 28. Ke3 Kf7 29. Kd3 Ke7 30. exd6+ cxd6 31. Rb6 Rdb7 32. Rcc6 Rxb6 33. Rxb6
Kd7 34. a4 Kc7 35. Rb5 Kc6 36. Ke3 Re7+ 37. Kd3 g5 38. fxg5 f4 39. Rb8 Re3+ 40.
Kd2 Kd7 41. g3 Re4 42. gxf4 Rxf4 43. Rb5 Kc6 44. Rxa5 Rxd4+ 45. Kc3 Rh4 46.
Ra6+ Kc7 47. b4 Rxh2 48. b5 Rh4 1-0

[Event "Team men HL 2017"]
[Site "Sochi"]
[Date "2017.05.08"]
[Round "7.5"]
[White "Iljiushenok, Ilia"]
[Black "Goryachkina, Aleksandra"]
[Result "1-0"]
[WhiteElo "2489"]
[BlackElo "2470"]
[PlyCount "81"]
[EventDate "2017.??.??"]

1. e4 e6 2. d4 d5 3. Nc3 Nf6 4. e5 Nfd7 5. f4 c5 6. Nf3 Nc6 7. Be3 a6 8. Qd2 b5
9. a3 Qa5 10. dxc5 Bxc5 11. Bxc5 Nxc5 12. Ne2 Qxd2+ 13. Kxd2 f6 14. Ned4 Nxd4
15. Nxd4 g5 16. g3 Bd7 17. Bd3 Ke7 18. Raf1 gxf4 19. gxf4 Rag8 20. Rfg1 fxe5
21. fxe5 Be8 22. b4 Na4 23. Rg3 Rxg3 24. hxg3 h5 25. g4 Nb6 26. gxh5 Rh6 27.
Ke3 Nc4+ 28. Bxc4 dxc4 29. Kf4 Rxh5 30. Nc6+ Kd7 31. Nb8+ Kc7 32. Nxa6+ Kc6 33.
Rxh5 Bxh5 34. c3 Bd1 35. Nc5 Kd5 36. Ne4 Bc2 37. Nd6 Ba4 38. Nc8 Kc6 39. Ne7+
Kd7 40. Ng6 Ke8 41. Ke3 1-0

[Event "Team men HL 2017"]
[Site "Sochi"]
[Date "2017.05.08"]
[Round "7.6"]
[White "Potapov, Pavel"]
[Black "Chernobay, Artem"]
[Result "0-1"]
[WhiteElo "2497"]
[BlackElo "2496"]
[PlyCount "140"]
[EventDate "2017.??.??"]

1. e4 e6 2. Nf3 d5 3. Nc3 Nf6 4. e5 Nfd7 5. d4 c5 6. dxc5 Nc6 7. Bf4 Be7 8. Qd2
Nxc5 9. O-O-O O-O 10. h4 a6 11. Qe3 b5 12. Rh3 Qa5 13. Kb1 b4 14. Ne2 Bd7 15.
h5 Rfc8 16. Nfd4 Rab8 17. Nxc6 Bxc6 18. Nd4 Bb5 19. Nb3 Qc7 20. Nxc5 Bxc5 21.
Qd2 Bf8 22. Rg3 a5 23. Bg5 a4 24. f4 b3 25. cxb3 Bb4 26. Qf2 axb3 27. Rxb3 Ba4
28. Ba6 Bxb3 29. axb3 Qc5 30. Qxc5 Rxc5 31. Bd3 Ra5 32. f5 Rba8 33. Kc2 Ra1 34.
Rxa1 Rxa1 35. fxe6 fxe6 36. Be2 Kf7 37. Kd3 Rb1 38. Kc2 Rh1 39. Be3 Rh4 40. Kd3
Be7 41. Bd4 Ke8 42. Bf3 Kd7 43. Kc3 Rf4 44. Kd3 Kc6 45. Ke3 Rf8 46. Kd3 Bc5 47.
Bc3 Rb8 48. Bd1 Bg1 49. b4 Ra8 50. Bg4 Kd7 51. b5 Bc5 52. Kc2 Bb6 53. Kd3 Rf8
54. b3 Rf4 55. Bf3 Rf5 56. Bg4 Rg5 57. Bf3 g6 58. hxg6 Rxg6 59. Bd2 Rg8 60. Bf4
Rf8 61. Bg3 Bg1 62. Kc3 Be3 63. Bh4 Rf5 64. Bg3 Bf4 65. Bf2 Bxe5+ 66. Kb4 Kc7
67. Ka5 Rf8 68. b6+ Kc6 69. Kb4 Bd6+ 70. Kc3 e5 0-1

[Event "Team men HL 2017"]
[Site "Sochi"]
[Date "2017.05.08"]
[Round "7.7"]
[White "Sarana, Alexey"]
[Black "Belyakov, Bogdan"]
[Result "1/2-1/2"]
[WhiteElo "2472"]
[BlackElo "2470"]
[PlyCount "119"]
[EventDate "2017.??.??"]

1. d4 Nf6 2. c4 g6 3. Nc3 Bg7 4. e4 d6 5. Nf3 O-O 6. Be2 e5 7. Be3 exd4 8. Nxd4
Re8 9. f3 Nc6 10. Nb3 a5 11. Rc1 a4 12. Nd4 a3 13. b3 Nh5 14. Nxc6 bxc6 15. O-O
c5 16. f4 Nf6 17. Bf3 Bb7 18. e5 Bxf3 19. Qxf3 dxe5 20. fxe5 Rxe5 21. Bf4 Rf5
22. Rcd1 Qf8 23. Ne2 g5 24. g4 Nxg4 25. Qxg4 Qc8 26. Ng3 Rxf4 27. Rxf4 gxf4 28.
Nf5 Qf8 29. Qxf4 Rd8 30. Re1 Kh8 31. Qxc7 Bc3 32. Re3 Bd4 33. Nxd4 Qg7+ 34. Kf2
Qxd4 35. Qe5+ Qxe5 36. Rxe5 Rd2+ 37. Kg3 Rxa2 38. Rxc5 Rb2 39. Ra5 Rxb3+ 40.
Kg4 Kg7 41. Ra6 Rc3 42. c5 Rc4+ 43. Kg3 Rc3+ 44. Kg4 f6 45. c6 Kg6 46. c7 Rxc7
47. Rxa3 Rc4+ 48. Kg3 h5 49. Ra8 Rc3+ 50. Kh4 Rc4+ 51. Kg3 h4+ 52. Kh3 f5 53.
Rg8+ Kf6 54. Rg1 Ke5 55. Re1+ Re4 56. Rf1 Re2 57. Kxh4 Rg2 58. Kh3 Rg8 59. Re1+
Kd4 60. Rf1 1/2-1/2

[Event "Team men HL 2017"]
[Site "Sochi"]
[Date "2017.05.08"]
[Round "7.8"]
[White "Savitskiy, Sergey"]
[Black "Ofitserian, Boris"]
[Result "0-1"]
[WhiteElo "2416"]
[BlackElo "2391"]
[PlyCount "138"]
[EventDate "2017.??.??"]

1. e4 c5 2. Nf3 d6 3. d4 cxd4 4. Nxd4 Nf6 5. Nc3 a6 6. Nb3 g6 7. Bg5 Bg7 8. Qd2
Nbd7 9. Bh6 O-O 10. f3 b5 11. h4 Nh5 12. O-O-O Ne5 13. Bxg7 Kxg7 14. f4 Ng4 15.
f5 Nhf6 16. Qf4 Qb6 17. Rd4 h5 18. Be2 b4 19. Nd5 Nxd5 20. exd5 Bxf5 21. Bxg4
Bxg4 22. Rxb4 Qc7 23. Rc4 Qd7 24. Qd4+ Kg8 25. Na5 e6 26. Rc6 Rfe8 27. Nc4 exd5
28. Qxd5 Qe7 29. b3 Qf6 30. Kb1 Qf2 31. Rxd6 Bf5 32. Rc1 Rac8 33. Kb2 Qxh4 34.
Rxa6 Be6 35. Rxe6 Rxe6 36. a4 Qf6+ 37. Kb1 Qc3 38. a5 Kg7 39. Rd1 Re2 40. Rc1
Re6 41. Qd3 Qb4 42. Qd4+ Kg8 43. Rf1 Qb7 44. Kb2 Re2 45. g3 Qg2 46. Rc1 Qxg3
47. a6 Ra8 48. Ra1 Qc7 49. Qd5 Ra7 50. b4 Re6 51. b5 Qb8 52. Kc3 Qg3+ 53. Kb4
Qb8 54. Rd1 Raxa6 55. Qd8+ Re8 56. Qxe8+ Qxe8 57. bxa6 Qb8+ 58. Ka5 Qc7+ 59.
Kb5 h4 60. Rd3 h3 61. Rxh3 Qd7+ 62. Kb6 Qxh3 63. a7 Qe6+ 64. Kb7 Qd5+ 65. Kb6
Kg7 66. Na5 Qa8 67. Nc4 g5 68. Nd6 g4 69. c4 Kf6 0-1

[Event "Team men HL chess 2017"]
[Site "Sochi"]
[Date "2017.05.09"]
[Round "8.3"]
[White "Goryachkina, Aleksandra"]
[Black "Pakhomov, Alexey"]
[Result "1-0"]
[WhiteElo "2470"]
[BlackElo "2343"]
[PlyCount "86"]
[EventDate "2017.05.01"]

1. d4 d5 2. c4 e6 3. Nc3 c6 4. Nf3 f5 5. Bf4 Bd6 6. e3 Nf6 7. Bd3 O-O 8. O-O
Ne4 9. Qc2 b6 10. Rac1 Bb7 11. Rfd1 Be7 12. h3 Nd7 13. a3 a5 14. Qb3 Kh8 15.
Bh2 Nxc3 16. bxc3 a4 17. Qb2 Rf6 18. Ne5 Nxe5 19. Bxe5 Rg6 20. cxd5 Qxd5 21. e4
Qb3 22. Qe2 Rf8 23. c4 Qxa3 24. Ra1 Qc3 25. exf5 exf5 26. Rxa4 Bf6 27. Bxf5 Rg5
28. Bxf6 Rxf5 29. Ra7 R5xf6 30. Rxb7 Rg6 31. Kh2 Qb3 32. Rd3 Qb1 33. Rf3 Rg8
34. Rbf7 Qb4 35. c5 h6 36. Rf8 Rf6 37. R3xf6 gxf6 38. Qe8 Rxf8 39. Qxf8+ Kh7
40. Qf7+ Kh8 41. Qxf6+ Kh7 42. Qxc6 bxc5 43. Qc7+ Kg6 1-0

[Event "Team men HL chess 2017"]
[Site "Sochi"]
[Date "2017.05.09"]
[Round "8.3"]
[White "Meshkov, Yuri A"]
[Black "Potapov, Pavel"]
[Result "0-1"]
[WhiteElo "2345"]
[BlackElo "2497"]
[PlyCount "78"]
[EventDate "2017.05.01"]

1. d4 f5 2. g3 Nf6 3. Bg2 g6 4. c4 Bg7 5. Nc3 O-O 6. Nf3 d6 7. O-O c6 8. b4 e5
9. dxe5 dxe5 10. e4 Qxd1 11. Rxd1 f4 12. b5 fxg3 13. fxg3 Be6 14. Ba3 Re8 15.
Bf1 Nbd7 16. bxc6 bxc6 17. Ng5 Bg4 18. Rd2 h6 19. h3 hxg5 20. hxg4 Bf8 21. Bxf8
Kxf8 22. Rd6 Rec8 23. c5 Ke7 24. Na4 Nxe4 25. Rxg6 Kf7 26. Rh6 Ndf6 27. Bd3 Kg7
28. Rh2 Rab8 29. Re1 Rb4 30. Bc2 Rd8 31. a3 Rbd4 32. Nb2 Nd2 33. Bd1 Rb8 34.
Rxe5 Rxb2 35. Rxg5+ Kf7 36. Be2 Nde4 37. Re5 Rb1+ 38. Kg2 Rb3 39. Kg1 Kg6 0-1

[Event "Team men HL chess 2017"]
[Site "Sochi"]
[Date "2017.05.09"]
[Round "8.3"]
[White "Belyakov, Bogdan"]
[Black "Babarykin, Stanislav"]
[Result "1-0"]
[WhiteElo "2470"]
[BlackElo "2354"]
[PlyCount "143"]
[EventDate "2017.05.01"]

1. e4 e5 2. Nf3 Nc6 3. Nc3 Nf6 4. Be2 d5 5. exd5 Nxd5 6. Bb5 Nxc3 7. bxc3 Bd6
8. O-O O-O 9. Re1 Qf6 10. Qe2 Bg4 11. Bd3 Bxf3 12. Qxf3 Qxf3 13. gxf3 Ne7 14.
a4 Rad8 15. a5 Ng6 16. Be4 b6 17. d3 Rfe8 18. Bc6 Re7 19. axb6 cxb6 20. Be4 Nf4
21. Ra2 g6 22. Bd2 Rc7 23. c4 Bc5 24. Rea1 Rdd7 25. Kf1 Kf8 26. Be3 Bd4 27. Rb1
f5 28. Ba8 Rd8 29. Bxf4 exf4 30. Bd5 Re8 31. Rb3 Bf6 32. c3 Be7 33. d4 Kg7 34.
Re2 Kf8 35. Rb1 Bd6 36. Ra2 Rd8 37. Re1 Re8 38. Rea1 Ree7 39. Ra6 Rcd7 40. Bc6
Rc7 41. Bb5 Rb7 42. Rb1 Bb8 43. Bc6 Rbc7 44. d5 Rc8 45. Rba1 Rd8 46. c5 bxc5
47. R1a5 Bd6 48. Rxa7 Rxa7 49. Rxa7 Be5 50. c4 Rc8 51. Bb5 Rc7 52. Ra6 Rc8 53.
Re6 Bd4 54. d6 Rd8 55. d7 Kf7 56. Re8 Bf6 57. Bc6 Be7 58. h3 Ke6 59. Ba4 Kd6
60. Bb5 Ke6 61. Ke2 Kd6 62. Kd3 Bf6 63. Kc2 Bh4 64. Kb3 Kc7 65. Re2 Ra8 66. Re6
Bxf2 67. Rc6+ Kd8 68. Re6 Kc7 69. Re7 Rd8 70. Rxh7 Bd4 71. Re7 Rf8 72. Re8 1-0

[Event "Team men HL chess 2017"]
[Site "Sochi"]
[Date "2017.05.09"]
[Round "8.3"]
[White "Suslov, Evgeniy"]
[Black "Savitskiy, Sergey"]
[Result "1/2-1/2"]
[WhiteElo "2252"]
[BlackElo "2416"]
[PlyCount "82"]
[EventDate "2017.05.01"]

1. Nf3 Nf6 2. g3 g6 3. b3 Bg7 4. Bb2 O-O 5. Bg2 d6 6. d4 Nbd7 7. O-O c5 8. c4
Rb8 9. Nc3 a6 10. Rc1 b5 11. dxc5 dxc5 12. cxb5 axb5 13. a4 bxa4 14. Nxa4 Ne4
15. Bxg7 Kxg7 16. Ne1 Ndf6 17. Nd3 Be6 18. Ndxc5 Nxc5 19. Nxc5 Bxb3 20. Nxb3
Qxd1 21. Rfxd1 Rxb3 22. Rb1 Rfb8 23. Rxb3 Rxb3 24. f4 Ng4 25. Bf3 h5 26. Bxg4
hxg4 27. Kf2 e6 28. Rd7 Kf6 29. Ra7 Rb5 30. Kg2 g5 31. fxg5+ Rxg5 32. Ra4 Rg7
33. h3 gxh3+ 34. Kxh3 Kf5 35. Rf4+ Ke5 36. Kg2 f5 37. Kf3 Rh7 38. e4 Rd7 39.
exf5 exf5 40. Ra4 Rd3+ 41. Kf2 Rb3 1/2-1/2

[Event "Team men HL chess 2017"]
[Site "Sochi"]
[Date "2017.05.09"]
[Round "8.4"]
[White "Savchenko, Boris"]
[Black "Pavlov, Maxim"]
[Result "1-0"]
[WhiteElo "2634"]
[BlackElo "2486"]
[PlyCount "63"]
[EventDate "2017.05.01"]

1. e4 d6 2. d4 Nf6 3. Nc3 e5 4. Nf3 Nbd7 5. Bc4 Be7 6. O-O O-O 7. Re1 a6 8. a4
b6 9. Nd5 Bb7 10. Nxe7+ Qxe7 11. Bd3 Rfe8 12. d5 c6 13. c4 Nf8 14. Nh4 Bc8 15.
dxc6 Qc7 16. Bg5 Qxc6 17. Bxf6 gxf6 18. Nf5 Bxf5 19. exf5 e4 20. Qg4+ Kh8 21.
Rxe4 Nd7 22. Rae1 Nc5 23. Rxe8+ Rxe8 24. Rxe8+ Qxe8 25. Bf1 Qe5 26. Qd1 Qxb2
27. Qxd6 Kg7 28. Qg3+ Kf8 29. Qb8+ Ke7 30. Qa7+ Kd6 31. Qxf7 Nxa4 32. Qe6+ 1-0

[Event "Team men HL chess 2017"]
[Site "Sochi"]
[Date "2017.05.09"]
[Round "8.4"]
[White "Alexeev, Alexey"]
[Black "Tukhaev, Adam"]
[Result "0-1"]
[WhiteElo "2301"]
[BlackElo "2557"]
[PlyCount "80"]
[EventDate "2017.05.01"]

1. e4 c5 2. Nf3 Nc6 3. Bb5 e6 4. Bxc6 bxc6 5. e5 f6 6. O-O fxe5 7. Nxe5 Nf6 8.
d3 d6 9. Nc4 d5 10. Ne5 Bd6 11. f4 O-O 12. Nd2 Ba6 13. Qe2 Qc7 14. Ndf3 c4 15.
g3 cxd3 16. cxd3 c5 17. b3 Bb7 18. Bb2 a5 19. Rac1 Qb6 20. Rf2 Rad8 21. h3 Ba8
22. Kh2 Qa7 23. Ba3 Rc8 24. Ng5 Qe7 25. Ng4 Nxg4+ 26. Qxg4 Rce8 27. Re2 e5 28.
fxe5 h6 29. Rce1 d4 30. Ne4 Qxe5 31. Bc1 h5 32. Qg5 Qxg5 33. Bxg5 Bxe4 34. dxe4
Rf3 35. e5 d3 36. Kg2 Rf5 37. Rd2 Rxg5 38. Rxd3 Rgxe5 39. Rxe5 Bxe5 40. Rd5 Bd4
0-1

[Event "Team men HL chess 2017"]
[Site "Sochi"]
[Date "2017.05.09"]
[Round "8.4"]
[White "Gabrielian, Artur"]
[Black "Linker, Mikhail"]
[Result "1/2-1/2"]
[WhiteElo "2525"]
[BlackElo "2239"]
[PlyCount "104"]
[EventDate "2017.05.01"]

1. d4 Nf6 2. c4 g6 3. Nf3 Bg7 4. g3 O-O 5. Bg2 d6 6. O-O Nc6 7. Nc3 a6 8. Bf4
Nh5 9. Be3 Rb8 10. Rc1 Bd7 11. Qd2 b5 12. cxb5 axb5 13. Bh6 b4 14. Nd5 e6 15.
Bxg7 Kxg7 16. Ne3 Ne7 17. Rc4 b3 18. a3 Nf6 19. Rfc1 Bb5 20. Rb4 Ba6 21. Rxb8
Qxb8 22. Ne1 Rc8 23. Nd3 Qb5 24. Bf3 Bb7 25. Bxb7 Qxb7 26. Qb4 Qe4 27. Qxb3
Qxd4 28. Qb7 Qb6 29. Qxb6 cxb6 30. Nc4 Rc6 31. a4 Nd7 32. b4 d5 33. Na3 Rxc1+
34. Nxc1 Nc6 35. Nc2 Kf6 36. Nb3 Ke5 37. Kf1 Kd6 38. Nbd4 Nxd4 39. Nxd4 Ne5 40.
Ke1 Nc4 41. Kd1 e5 42. Nb5+ Kc6 43. Kc2 Nd6 44. Nxd6 Kxd6 45. Kd3 Kc6 46. f3 f6
47. h4 h6 48. e3 g5 49. hxg5 hxg5 50. g4 b5 51. a5 Kb7 52. Ke2 Kc6 1/2-1/2

[Event "Team men HL chess 2017"]
[Site "Sochi"]
[Date "2017.05.09"]
[Round "8.4"]
[White "Pervakov, Sergey"]
[Black "Yandarbiev, Ruslan"]
[Result "0-1"]
[WhiteElo "2134"]
[BlackElo "2288"]
[PlyCount "104"]
[EventDate "2017.05.01"]

1. e4 c5 2. Nf3 d6 3. Bb5+ Nd7 4. d4 cxd4 5. Qxd4 a6 6. Bxd7+ Bxd7 7. c4 e5 8.
Qd3 b5 9. Nc3 bxc4 10. Qxc4 Qc8 11. Qd3 h6 12. O-O Nf6 13. b3 Qb7 14. Nd2 Be6
15. Nc4 Bxc4 16. Qxc4 Rc8 17. Qd3 Be7 18. Rd1 O-O 19. Be3 Rc6 20. Nd5 Rfc8 21.
Nxf6+ Bxf6 22. Rac1 Bg5 23. Bxg5 hxg5 24. Rxc6 Rxc6 25. g3 g4 26. Qe2 Qc8 27.
Kg2 g6 28. Rd2 Kg7 29. Qd3 Kf8 30. Qd5 Qc7 31. h3 gxh3+ 32. Kxh3 Ke7 33. Kg2
Rc5 34. Qa8 Qb6 35. Rd3 Qc6 36. Qa7+ Kd8 37. Qb8+ Kd7 38. Qa7+ Kd8 39. Qb8+ Ke7
40. Qa7+ Kd8 41. Kh2 f5 42. b4 Rc2 43. a4 fxe4 44. b5 axb5 45. axb5 Qd7 46.
Qb6+ Ke7 47. Ra3 Qf5 48. Kg2 g5 49. Ra7+ Ke6 50. Qe3 Rb2 51. Rb7 g4 52. Qh6+
Kd5 0-1

[Event "Team men HL chess 2017"]
[Site "Sochi"]
[Date "2017.05.09"]
[Round "8.5"]
[White "Sychev, Klementy"]
[Black "Ponomarenko, Alexandr"]
[Result "1-0"]
[WhiteElo "2459"]
[BlackElo "2240"]
[PlyCount "57"]
[EventDate "2017.05.01"]

1. d4 Nf6 2. c4 g6 3. Nc3 d5 4. cxd5 Nxd5 5. e4 Nxc3 6. bxc3 Bg7 7. Be3 c5 8.
Nf3 O-O 9. Be2 Qa5 10. O-O cxd4 11. cxd4 Nc6 12. d5 Ne5 13. Nd4 f5 14. f4 Qc3
15. Qc1 Qxc1 16. Raxc1 Ng4 17. Bxg4 fxg4 18. Rc7 Re8 19. Nb5 a5 20. Rcc1 Rf8
21. Nc7 Rb8 22. Ba7 Bd7 23. Bxb8 Rxb8 24. e5 Bf5 25. Ne6 Bxe6 26. dxe6 b5 27.
Rc7 Bf8 28. Rfc1 g5 29. f5 1-0

[Event "Team men HL chess 2017"]
[Site "Sochi"]
[Date "2017.05.09"]
[Round "8.5"]
[White "Kayukov, Kirill"]
[Black "Zakhartsov, Vladimir"]
[Result "1/2-1/2"]
[WhiteElo "2155"]
[BlackElo "2442"]
[PlyCount "95"]
[EventDate "2017.05.01"]

1. c4 e5 2. Nc3 Nf6 3. g3 Bb4 4. Bg2 O-O 5. e4 Bxc3 6. bxc3 c6 7. Qb3 Na6 8.
Ba3 Re8 9. Ne2 d6 10. O-O Be6 11. d4 Qc7 12. Rab1 b5 13. d5 cxd5 14. Qxb5 dxe4
15. Qxa6 Bxc4 16. Qxd6 Qxd6 17. Bxd6 Bxe2 18. Rfe1 Bd3 19. Rb7 a5 20. Bh3 Ra6
21. Ba3 h6 22. Rc7 Rb8 23. c4 Rab6 24. c5 Rb1 25. Bc1 Ra1 26. Rc8+ Rxc8 27.
Bxc8 Rxa2 28. Be3 Rc2 29. Rc1 Kf8 30. Rxc2 Bxc2 31. Bb7 Ke7 32. c6 Nd5 33. Bc5+
Kd8 34. Bf8 g6 35. Bg7 f6 36. c7+ Nxc7 37. Bxf6+ Kd7 38. Bxe5 a4 39. Kf1 Ne6
40. Bd5 Bd3+ 41. Ke1 Ng5 42. Kd1 Nf3 43. Bg7 Kd6 44. Bf7 Ne5 45. Be8 Ng4 46.
Bxa4 Ke7 47. Ke1 Kf7 48. Bd1 1/2-1/2

[Event "Team men HL chess 2017"]
[Site "Sochi"]
[Date "2017.05.09"]
[Round "8.5"]
[White "Gochelashvili, David"]
[Black "Tereshechkina, Maya"]
[Result "1-0"]
[WhiteElo "2425"]
[BlackElo "2056"]
[PlyCount "61"]
[EventDate "2017.05.01"]

1. e4 e6 2. d4 d5 3. Nc3 dxe4 4. Nxe4 Bd7 5. Nf3 Bc6 6. Ng3 Nf6 7. Bd3 Be7 8.
O-O Nbd7 9. c4 Bxf3 10. Qxf3 c6 11. b3 Qc7 12. Bb2 h5 13. Rfe1 h4 14. Ne4 h3
15. g3 Nxe4 16. Bxe4 Bf6 17. b4 O-O-O 18. c5 e5 19. d5 cxd5 20. Bxd5 e4 21. Qb3
Bxb2 22. Qxb2 Nf6 23. Bc4 Kb8 24. Rac1 Rh5 25. Rcd1 Rf5 26. Bf1 Rh5 27. Qb3 Re8
28. Rd6 Ng4 29. Bb5 Re7 30. Qd1 a6 31. Qxg4 1-0

[Event "Team men HL chess 2017"]
[Site "Sochi"]
[Date "2017.05.09"]
[Round "8.5"]
[White "Dulenko, Maxim"]
[Black "Dordzhieva, Dinara"]
[Result "1/2-1/2"]
[WhiteElo "2144"]
[BlackElo "2271"]
[PlyCount "131"]
[EventDate "2017.05.01"]

1. e4 c5 2. Nf3 d6 3. d4 Nf6 4. Nc3 cxd4 5. Qxd4 e5 6. Bb5+ Nc6 7. Qd3 h6 8.
Be3 Be7 9. O-O a6 10. Bc4 O-O 11. h3 b5 12. Bb3 Bb7 13. a3 Na5 14. Bd5 Rc8 15.
Bxb7 Nxb7 16. a4 b4 17. Na2 a5 18. c4 bxc3 19. Nxc3 Nc5 20. Bxc5 Rxc5 21. Nd2
Qb8 22. Nb5 d5 23. exd5 Rxd5 24. Qe2 Bb4 25. Rad1 Rfd8 26. Nc4 e4 27. Rxd5 Rxd5
28. Rd1 Qd8 29. Rxd5 Qxd5 30. Ne3 Qd3 31. Qc2 g6 32. b3 h5 33. Nc7 Qd6 34. Nb5
Qe5 35. Qc8+ Kg7 36. Qc4 Qa1+ 37. Kh2 Qe5+ 38. Kg1 Nd7 39. Qd4 Qxd4 40. Nxd4
Nc5 41. Kf1 Bc3 42. Nec2 f5 43. Nb5 Bf6 44. Ncd4 Kf7 45. Ke2 Ke7 46. f3 Kd7 47.
fxe4 fxe4 48. Ke3 Bg5+ 49. Ke2 Bf4 50. Kf2 Bg5 51. Ke2 Bh6 52. Kf2 Bf4 53. Ke2
Ke7 54. Nc3 Kf7 55. Nxe4 Nxe4 56. Kf3 Bd2 57. Kxe4 Kf6 58. Kd3 Bb4 59. Nc6 Be1
60. b4 axb4 61. a5 b3 62. a6 Bf2 63. a7 Bxa7 64. Nxa7 b2 65. Kc2 Kf5 66. g4+
1/2-1/2

[Event "Team men HL chess 2017"]
[Site "Sochi"]
[Date "2017.05.09"]
[Round "8.6"]
[White "Taysayev, Timur"]
[Black "Tekeyev, Zaur"]
[Result "1/2-1/2"]
[WhiteElo "2245"]
[BlackElo "2383"]
[PlyCount "82"]
[EventDate "2017.05.01"]

1. e4 c5 2. Nf3 Nc6 3. d4 cxd4 4. Nxd4 g6 5. c4 Bg7 6. Be3 Nf6 7. Nc3 d6 8. Be2
O-O 9. O-O Nxd4 10. Bxd4 Bd7 11. f4 Bc6 12. Bf3 Nd7 13. Bxg7 Kxg7 14. Qd4+ Kg8
15. b4 Qb6 16. Qxb6 Nxb6 17. Be2 Rfc8 18. Rac1 a5 19. b5 Bd7 20. Nd5 Nxd5 21.
cxd5 Kf8 22. Kf2 e6 23. dxe6 Bxe6 24. a3 Ke7 25. Ke3 Rc5 26. Rxc5 dxc5 27. Rc1
b6 28. g4 f6 29. h4 h6 30. Rh1 Rd8 31. g5 fxg5 32. hxg5 hxg5 33. fxg5 Rd4 34.
Rh7+ Kd6 35. Rb7 Ke5 36. Bd3 Ra4 37. Rxb6 Rxa3 38. Kd2 Ra2+ 39. Ke3 Ra3 40. Kd2
c4 41. Bc2 Rh3 1/2-1/2

[Event "Team men HL chess 2017"]
[Site "Sochi"]
[Date "2017.05.09"]
[Round "8.6"]
[White "Nechaev, Oleg"]
[Black "Nazaretyan, Tigran"]
[Result "1-0"]
[WhiteElo "2386"]
[BlackElo "2356"]
[PlyCount "75"]
[EventDate "2017.05.01"]

1. c4 Nf6 2. Nc3 e6 3. Nf3 d5 4. d4 h6 5. g3 dxc4 6. Bg2 a6 7. Ne5 Nd5 8. Nxc4
b5 9. Nxd5 exd5 10. Ne3 c6 11. O-O Nd7 12. Qc2 Bb7 13. Bd2 Nf6 14. Rfe1 a5 15.
Nf5 g6 16. e4 dxe4 17. Bxe4 Nxe4 18. Qxe4+ Kd7 19. Qe5 Rg8 20. Bf4 g5 21. Nxh6
gxf4 22. Nxg8 Bd6 23. Nf6+ Kc8 24. Qf5+ Kc7 25. Re8 Qxe8 26. Nxe8+ Rxe8 27.
Qxf7+ Re7 28. Qf6 a4 29. Rc1 Re2 30. g4 Bc8 31. g5 Be6 32. g6 Bxa2 33. g7 Re8
34. h4 b4 35. h5 a3 36. bxa3 b3 37. d5 b2 38. Rxc6+ 1-0

[Event "Team men HL chess 2017"]
[Site "Sochi"]
[Date "2017.05.09"]
[Round "8.6"]
[White "Tenikashvili, Georgij"]
[Black "Rozhko, Dmitry"]
[Result "1/2-1/2"]
[WhiteElo "2305"]
[BlackElo "2351"]
[PlyCount "117"]
[EventDate "2017.05.01"]

1. d4 d5 2. c4 dxc4 3. Nf3 Nf6 4. e3 e6 5. Bxc4 c5 6. O-O a6 7. a4 Nc6 8. Qe2
Qc7 9. Rd1 Be7 10. Nc3 O-O 11. h3 b6 12. dxc5 Bxc5 13. e4 Nd7 14. Bb3 Bb7 15.
Bg5 h6 16. Bh4 Nde5 17. Bg3 Nxf3+ 18. Qxf3 Qe7 19. Ne2 Rfd8 20. Qg4 Rxd1+ 21.
Rxd1 Rd8 22. Nc3 Rxd1+ 23. Bxd1 Bd4 24. Qe2 Qc5 25. Qc2 b5 26. axb5 axb5 27.
Qd3 b4 28. Ne2 Bxb2 29. Qd7 Qe7 30. Qxe7 Nxe7 31. Bd6 Nc6 32. Ba4 Nd4 33. Nxd4
Bxd4 34. Bxb4 Bxe4 35. Be8 Bd5 36. Bb5 e5 37. Bd7 g6 38. Bb5 Kg7 39. Kf1 f5 40.
Bd2 g5 41. Bd7 Bc4+ 42. Ke1 Bd3 43. g3 f4 44. h4 fxg3 45. fxg3 gxh4 46. gxh4 e4
47. Bf5 Bf6 48. h5 Bh4+ 49. Kd1 Bg5 50. Bc3+ Kf7 51. Be5 Ke7 52. Ke1 Be3 53.
Kd1 Kf8 54. Ke1 Kf7 55. Kd1 Bg5 56. Ke1 Bf6 57. Bg6+ Ke6 58. Bxf6 Kxf6 59. Kf2
1/2-1/2

[Event "Team men HL chess 2017"]
[Site "Sochi"]
[Date "2017.05.09"]
[Round "8.6"]
[White "Kozak, Alexander"]
[Black "Abrekov, Mussa"]
[Result "0-1"]
[WhiteElo "2334"]
[BlackElo "2219"]
[PlyCount "104"]
[EventDate "2017.05.01"]

1. e4 c5 2. c3 Nf6 3. e5 Nd5 4. d4 cxd4 5. Nf3 e6 6. cxd4 d6 7. Bc4 Nc6 8. Qe2
Be7 9. O-O O-O 10. Qe4 Bd7 11. a3 Rc8 12. Bd3 g6 13. Bh6 Re8 14. Nbd2 b5 15.
Qg4 f5 16. Qg3 dxe5 17. dxe5 Qb6 18. h4 Kh8 19. Ng5 Nd8 20. Ndf3 Rg8 21. Rfd1
a5 22. Bb1 Bc5 23. h5 gxh5 24. Bxf5 exf5 25. Rxd5 Be6 26. Rd6 Bxd6 27. exd6 Rg6
28. Bf8 Kg8 29. Be7 Nf7 30. Ne5 Nxg5 31. Bxg5 Rg7 32. d7 Bxd7 33. Nxd7 Rxd7 34.
Bf6+ Kf8 35. Qg5 Qe6 36. Bc3 Qg6 37. Qe3 Rc4 38. Bxa5 Rg4 39. Qc5+ Kf7 40. g3
h4 41. Qxb5 Re7 42. Bd8 Re8 43. Qd7+ Kg8 44. Qd5+ Kf8 45. Rc1 hxg3 46. f3 Qh5
47. Be7+ Kxe7 48. Qe5+ Kf8 49. Qh8+ Rg8 50. Qf6+ Qf7 51. Qh6+ Rg7 52. Rc5 g2
0-1

[Event "Team men HL chess 2017"]
[Site "Sochi"]
[Date "2017.05.09"]
[Round "8.7"]
[White "Gusarov, Grigory"]
[Black "Ponkratov, Pavel"]
[Result "1/2-1/2"]
[WhiteElo "2320"]
[BlackElo "2590"]
[PlyCount "83"]
[EventDate "2017.05.01"]

1. c4 c5 2. Nf3 Nf6 3. g3 Nc6 4. Bg2 d5 5. cxd5 Nxd5 6. d4 cxd4 7. Nxd4 Ndb4 8.
Nxc6 Qxd1+ 9. Kxd1 Nxc6 10. Nc3 Bd7 11. Be3 O-O-O 12. Ke1 e5 13. Bd5 f6 14. f3
Kb8 15. Rd1 Bb4 16. a3 Bxc3+ 17. bxc3 Na5 18. Ba2 Ba4 19. Rb1 Rc8 20. Bd2 Rhd8
21. Rf1 b6 22. Rb4 Be8 23. f4 Nc6 24. Rb2 Rc7 25. Kf2 Kb7 26. Rc1 exf4 27. gxf4
Bf7 28. Bxf7 Rxf7 29. c4 Ka6 30. a4 Re7 31. c5 Nd4 32. Be3 Nf5 33. Bd2 Rde8 34.
e3 Rc8 35. cxb6 Rxc1 36. bxa7 Rc8 37. Rb8 Kxa7 38. Rxc8 Nd6 39. Rc6 Ne4+ 40.
Ke2 Kb7 41. Rc2 f5 42. Rb2+ 1/2-1/2

[Event "Team men HL chess 2017"]
[Site "Sochi"]
[Date "2017.05.09"]
[Round "8.7"]
[White "Gutenev, Alexander"]
[Black "Ozgibcev, Anatoly"]
[Result "1-0"]
[WhiteElo "2448"]
[BlackElo "2379"]
[PlyCount "73"]
[EventDate "2017.05.01"]

1. e4 e5 2. Nf3 Nc6 3. Bb5 Nge7 4. Nc3 Ng6 5. d4 exd4 6. Nxd4 Bc5 7. Nf5 O-O 8.
O-O d6 9. Nd5 Nce7 10. Bg5 f6 11. Bc4 Nxd5 12. Bxd5+ Kh8 13. Be3 Bxe3 14. Nxe3
Ne7 15. Bb3 f5 16. exf5 Nxf5 17. Re1 Qg5 18. Qf3 Bd7 19. Qxb7 Nd4 20. Bd5 c6
21. c3 Qd8 22. cxd4 Rb8 23. Qa6 cxd5 24. Qe2 Qb6 25. b3 a5 26. Nxd5 Qxd4 27.
Rad1 Qc5 28. Qe3 Qa3 29. Qd4 Rbe8 30. Rxe8 Bxe8 31. Nc3 Rf6 32. Ne4 Rg6 33.
Nxd6 Bc6 34. Nf7+ Kg8 35. Ne5 Rxg2+ 36. Kf1 Bb7 37. Qc4+ 1-0